000 00300nam a2200121Ia 4500
008 241002s9999 xx 000 0 und d
082 _a320.5 NIC
100 _aNiccolo, Machiarelli
245 4 _aThe Prince and the Discourses
260 _aNew York:
_c1950
600 _aSocial Sciences
942 _cUC
999 _c18933
_d18933